KOHA-Header-6

Elementary Biochemistry (Record no. 5849)

000 -LEADER
fixed length control field 00292nam a2200121Ia 4500
020 ## - INTERNATIONAL STANDARD BOOK NUMBER
ISBN 9.7881219282e+012
100 ## - MAIN ENTRY--AUTHOR NAME
Personal name Dr.J.L.Jain
245 #0 - TITLE STATEMENT
Title Elementary Biochemistry
260 ## - PUBLICATION, DISTRIBUTION, ETC. (IMPRINT)
Place of publication New Delhi
Name of publisher S.Chand
Year of publication 2018
300 ## - PHYSICAL DESCRIPTION
Number of Pages 588
942 ## - ADDED ENTRY ELEMENTS (KOHA)
Koha item type Books
Holdings
Withdrawn status Lost status Collection code Permanent Location Current Location Shelving location Date acquired Full call number Accession Number Koha item type
    Bio Sciences MAJU MAJU Shelf No.A37 2019-09-05 Qp514.2 9258 Bio Science

Powered by Koha